Statistics for Pretty Little Liars

Click here to take the quiz!

General Stats

  • This quiz has been taken 250 times
  • The average score is 14 of 15

Answer Stats

HintAnswer% Correct
Rosewood High English teacher.Ezra
100%
He has a son called Malcom.Ezra
100%
She gets trapped in a box with GarrettAria
99%
A tells her mother about her fathers affairAria
99%
She has been out with 2 girls and 1 boy.Emily
99%
Her nickname is hefty......Hanna
99%
Gets her cast signed by A.Hanna
99%
Gets kidnapped by A.Hanna
99%
She was trapped in a fairground ride.Spencer
99%
She is adopted.Spencer
99%
He becomes A.Toby
99%
Comes back from the dead.Alison
98%
One of the two "Red Coats".CeCe
96%
He has been out with two of the liars.Caleb
93%
A messages sent to a group of girls.All
35%

Score Distribution

Percentile by Number Answered

Percent of People with Each Score

Your Score History

You have not taken this quiz